Estado y mercado: la economía pública del liberalismo mexicano, 1850-1911

I tiakina i:
Ngā taipitopito rārangi puna kōrero
Kaituhi matua: Carmagnani, Marcello (Author)
Hōputu: Pukapuka
Reo:Pāniora
I whakaputaina: Ciudad de México Fondo de Cultura Económica 1994
Putanga:1a. ed
Rangatū:Serie Hacienda. Sección de Obras de Historia
Ngā marau:
Ngā Tūtohu: Tāpirihia he Tūtohu
Kāore He Tūtohu, Me noho koe te mea tuatahi ki te tūtohu i tēnei pūkete!

MARC

LEADER 00000cam a2200000 a 4500
001 UCZ9143
003 CL-VaPUC
008 960301e19940000MX |||||||||||||||||spa|d
020 |a 9681643917 
082 0 4 |a 330.972  |b CAR  |2 21 
100 0 |a Carmagnani, Marcello  |e author  |9 354380 
245 1 0 |a Estado y mercado: la economía pública del liberalismo mexicano, 1850-1911 
250 |a 1a. ed 
300 |a 439 p 
942 |c BK 
945 |d 19960301 00:00:00  |a rleighto 
260 |a Ciudad de México  |b Fondo de Cultura Económica  |c 1994 
650 0 |a Historia de México  |9 321806 
650 0 |a Estado  |9 255503 
650 0 |a Mercado  |9 321497 
650 0 |a Economía   |9 255568 
650 0 |a Liberalismo  |9 255715 
651 0 |a México  |9 255269 
583 |a last modification  |c 20121112 10:12:48  |k Rodrigo Vera 
490 0 |a Serie Hacienda. Sección de Obras de Historia 
999 |c 244720  |d 244718 
952 |0 0  |1 0  |4 0  |6 330_972000000000000_CAR_1994  |7 0  |8 A  |9 258889  |a BIBHIS  |b BIBHIS  |d 2019-11-19  |i 3173003  |o 330.972 CAR 1994  |p 3173003  |r 2025-01-20  |w 2019-11-19  |y BK  |k HIS 
952 |0 0  |1 0  |4 0  |6 330_972000000000000_CAR_1994  |7 0  |8 A  |9 258890  |a BIBHIS  |b BIBHIS  |d 2019-11-19  |i 492391K  |o 330.972 CAR 1994  |p 492391K  |r 2025-01-20  |w 2019-11-19  |y BK  |k HIS